| 000 | 00813nam a22002417a 4500 | ||
|---|---|---|---|
| 999 |
_c20773 _d20773 |
||
| 003 | AR-CdUCM | ||
| 008 | 190605b ||||| |||| 00| 0 spa d | ||
| 020 | _a0-07-015524-0 | ||
| 040 |
_aMUNICIPALIDAD PROVINCIAL DEL CUSCO _cBIBLIOTECA MUNICIPAL DEL CUSCO |
||
| 041 | _heng | ||
| 082 |
_a658.408 / _bD31 _23ed. |
||
| 100 |
_aDavis, Keith _943382 |
||
| 245 |
_aBusness and society : _bEnvironment and responsibility / |
||
| 260 |
_aNew York : _bMcGRAW-HILL BOOK, _c1975. |
||
| 300 |
_a597 páginas ; _bIlustraciones, _c23.5 cm. |
||
| 500 | _aContenido en ingles. | ||
| 505 | _aContenido: La interfaz de los negocios y la sociedad -- Ideología empresarial... | ||
| 650 |
_aSociedad _953 |
||
| 650 |
_aEstados Unidos _91805 |
||
| 700 |
_aBlomstrom, Robert L. _943383 |
||
| 942 |
_2ddc _cLIBROS |
||
| 945 | _aAndy | ||